000 02960cam a2200409 ia4500
003 SA-RiAUC
005 20250219065503.0
008 250219s1993 ua g 00100 ara c
020 _z977525051
024 0 _a00000000274856
040 _aSA-RiAUC
_bara
_cSA-RiAUC
_dKAC
_erda
082 0 4 _a258.2
_qSA-RiAUC
090 _a258.2
_b ا ب ن ع
100 1 _aابن عبد البر، يوسف بن عبد الله بن محمد،
_d368-463 هجري
_eمؤلف.
245 1 2 _aالاستذكار :
_bالجامع لمذاهب فقهاء الأمصار وعلماء الأقطار فيما تضمنه "الموطأ" من معاني الرأي والآثار وشرح ذلك كله بالإيجاز والاختصار /
_cتصنيف ابن عبد البر الإمام الحافظ أبي عمر يوسف بن عبد الله بن محمد بن عبد البر النمري الأندلسي ؛ وثق أصوله وخرج نصوصه ورقمها وقنن مسائله وصنع فهارسه عبد المعطي أمين قلعجي.
250 _aالطبعة الأولى.
264 1 _aالقاهرة :
_aحلب [سوريا] ؛
_aالقاهرة :
_bمكتبة الثقافة الدينية ؛
_bدار الوعي،
_c1993
300 _a30 مجلد ؛
_c24 × 17 سم
336 _aنص
_btxt
_2rdacontent
_3كتاب
337 _aبدون وسيط
_bn
_2rdamedia
338 _aمجلد
_bnc
_2rdacarrier
500 _aيطبع لأول مرة كاملا في ثلاثين مجلدا بالفهارس العلمية عن خمس نسخ خطية عزيزة.
500 _aيشتمل على كشافات.
505 0 _aالمحتويات : مجلد 1. المقدمة-ابن عبد البر : سيرته وكتابه الاستذكار ...-مجلد 2. كتاب الطهارة-مجلد 3. كتاب الطهارة-مجلد 4. كتاب الصلاة-كتاب السهو-مجلد 5. كتاب الجمعة، كتاب الجمعة في رمضان ...-مجلد 6. كتاب قصر الصلاة في السفر-مجلد 7. كتاب العيدين، كتاب صلاة الخوف، كتاب صلاة الكسوف ...-مجلد 8. كتاب القرآن، كتاب الجنائز ... وموضوعات أخرى.
650 7 _aالفقه المالكي
_2aucsh
650 7 _aالحديث
_xرواية
_2aucsh
650 7 _aالحديث
_xجمع وتدوين
_2aucsh
650 7 _aالحديث
_xأحكام
_2aucsh
650 7 _aالفقه الإسلامي
_xمذاهب
_2aucsh
650 7 _aالحديث
_xكتب أئمة الفقه الأربعة
_2aucsh
700 1 _aقلعجي، عبد المعطي أمين
_eموثق.
700 1 2 _iشرح لـ (عمل) :
_aالإمام مالك، مالك بن أنس بن مالك،
_d93-179 هجري.
_tالموطأ.
856 4 _uhttp://10.0.0.2:1106/Arabic/%D8%A7%D9%84%D8%A7%D8%B3%D8%AA%D8%B0%D9%83%D8%A7%D8%B1.pdf
942 _2ddc
_cBOOK
_n0
949 _aSA-JeALM
_d250219
_ueid123
_n1
999 _c6086
_d6086